[Event "TUR-chT"]
[Site "Konya"]
[Date "2011.07.07"]
[Round "11"]
[White "Pantsulaia, Levan"]
[Black "Sengul, Cengiz"]
[Result "1-0"]
[WhiteElo "2613"]
[BlackElo "2225"]
[PlyCount "59"]
[EventDate "2011.06.28"]
[EventType "team-swiss"]
[EventRounds "13"]
[EventCountry "TUR"]
[SourceTitle "CBM 143 Extra"]
[Source "ChessBase"]
[SourceDate "2011.08.29"]
[SourceVersion "1"]
[SourceVersionDate "2011.08.29"]
[SourceQuality "1"]
[WhiteTeam "Isek Aquamatch"]
[BlackTeam "Mersin Ezgi"]
[WhiteTeamCountry "TUR"]
[BlackTeamCountry "TUR"]

1. c4 d6 2. Nc3 Nf6 3. g3 g6 4. Bg2 Bg7 5. d4 0-0 6. Nf3 Nc6 7. 0-0 Bg4 8. h3 Bxf3 9. Bxf3 Nd7 10. e3 e5 11. dxe5 Ncxe5 12. Bxb7 Rb8 13. Bg2 Nxc4 14. Qc2 Nc5 15. Rb1 a5 16. b3 Ne5 17. Rd1 Qd7 18. Ne2 Qb5 19. Nd4 Qa6 20. Bd2 Rb6 21. a3 Ne6 22. Nxe6 fxe6 23. Qxc7 Qe2 24. Be1 Rxb3 25. Qxd6 Rd3 26. Rxd3 Nxd3 27. Bf1 Qxe1 28. Rxe1 Nxe1 29. Be2 e5 30. Qd1 1-0

[Event "Troya op"]
[Site "Canakkale"]
[Date "2010.08.15"]
[Round "9"]
[White "Celiker, Yakup"]
[Black "Sengul, Cengiz"]
[Result "1-0"]
[WhiteElo "2092"]
[BlackElo "2188"]
[PlyCount "85"]
[EventDate "2010.08.07"]
[EventType "swiss"]
[EventRounds "9"]
[EventCountry "TUR"]
[SourceTitle "CBM 137 Extra"]
[Source "ChessBase"]
[SourceDate "2010.09.01"]
[SourceVersion "1"]
[SourceVersionDate "2010.09.01"]
[SourceQuality "1"]

1. Nf3 Nf6 2. g3 b6 3. Bg2 Bb7 4. c4 c5 5. 0-0 g6 6. e3 Bg7 7. d4 0-0 8. Nc3 Ne4 9. Qd3 Nxc3 10. bxc3 d6 11. Nd2 Bxg2 12. Kxg2 Nc6 13. d5 Nb4 14. Qb1 Bxc3 15. Bb2 Bxb2 16. Qxb2 Qd7 17. a3 Na6 18. h4 h5 19. e4 Nc7 20. a4 Ne8 21. f4 Nf6 22. Rae1 Ng4 23. Qc2 a6 24. f5 Ne5 25. Nf3 Nxf3 26. Rxf3 f6 27. g4 hxg4 28. Rg3 gxf5 29. exf5 Kh7 30. Qe2 Rg8 31. Qxe7+ Qxe7 32. Rxe7+ Rg7 33. Re6 b5 34. Rxd6 bxc4 35. Rc3 Rb8 36. Rc2 Rb3 37. Rc6 Rf3 38. Rxc4 Rxf5 39. R6xc5 g3 40. Rc2 Rf4 41. R5c4 Rxc4 42. Rxc4 Kg6 43. Rg4+ 1-0

[Event "TUR-chT"]
[Site "Konya"]
[Date "2010.07.05"]
[Round "8"]
[White "Vural, Ozge"]
[Black "Sengul, Cengiz"]
[Result "1/2-1/2"]
[WhiteElo "1896"]
[BlackElo "2188"]
[PlyCount "93"]
[EventDate "2010.06.29"]
[EventType "team-tourn"]
[EventRounds "13"]
[EventCountry "TUR"]
[SourceTitle "CBM 137 Extra"]
[Source "ChessBase"]
[SourceDate "2010.09.01"]
[SourceVersion "1"]
[SourceVersionDate "2010.09.01"]
[SourceQuality "1"]

1. e4 e5 2. Nf3 Nc6 3. d4 exd4 4. Bc4 Nf6 5. Ng5 d5 6. exd5 Qe7+ 7. Kf1 Ne5 8. Qxd4 h6 9. Bb5+ c6 10. dxc6 bxc6 11. Nf3 cxb5 12. Qxe5 Qxe5 13. Nxe5 Bf5 14. c3 Bd6 15. Nf3 0-0-0 16. Be3 Rhe8 17. Nd4 Bd3+ 18. Ke1 Ng4 19. Kd2 Be4 20. Na3 a6 21. h3 Nxe3 22. fxe3 f5 23. Rhf1 Bxg2 24. Rxf5 Bxh3 25. Rf7 Rd7 26. Rxd7 Kxd7 27. Rh1 Bg4 28. Nac2 h5 29. b3 g5 30. c4 bxc4 31. bxc4 h4 32. Kd3 h3 33. e4 h2 34. Ne3 Bh3 35. c5 Bf4 36. c6+ Kc7 37. Nd5+ Kc8 38. Nxf4 gxf4 39. Rxh2 Bf1+ 40. Kc3 Rxe4 41. Rh8+ Kc7 42. Rh7+ Kc8 43. Nf5 Re6 44. Nd4 Rd6 45. Rf7 Bg2 46. Rxf4 Bxc6 47. Nxc6 1/2-1/2

[Event "TUR-chT"]
[Site "Konya"]
[Date "2010.07.02"]
[Round "5"]
[White "Atalik, Suat"]
[Black "Sengul, Cengiz"]
[Result "1-0"]
[WhiteElo "2607"]
[BlackElo "2188"]
[PlyCount "93"]
[EventDate "2010.06.29"]
[EventType "team-tourn"]
[EventRounds "13"]
[EventCountry "TUR"]
[SourceTitle "CBM 137 Extra"]
[Source "ChessBase"]
[SourceDate "2010.09.01"]
[SourceVersion "1"]
[SourceVersionDate "2010.09.01"]
[SourceQuality "1"]

1. d4 Nf6 2. c4 e6 3. Nc3 Bb4 4. e3 b6 5. Nge2 Ba6 6. Ng3 Bxc3+ 7. bxc3 d5 8. Ba3 Bxc4 9. Bxc4 dxc4 10. e4 Qd7 11. 0-0 Nc6 12. Qe2 0-0-0 13. Qxc4 Kb7 14. Qe2 h5 15. Rfd1 h4 16. Nf1 h3 17. g3 Na5 18. Nd2 Qa4 19. Be7 Rd7 20. Bxf6 gxf6 21. Nb3 e5 22. Rab1 Ka8 23. Nxa5 Qxa5 24. Qc4 Kb7 25. d5 Rd6 26. Rb5 Qa3 27. Rb3 Qa6 28. Qxa6+ Kxa6 29. c4 Rdd8 30. c5 Kb7 31. c6+ Kc8 32. Rf3 Rh6 33. Kf1 Rg8 34. Ke2 Kd8 35. d6 f5 36. Rxf5 Rxd6 37. Rxd6+ cxd6 38. Rxf7 a6 39. Rb7 Kc8 40. Rxb6 Kc7 41. Rxa6 Rb8 42. g4 Rb1 43. Ra3 Kxc6 44. Rxh3 Kc5 45. Rd3 Rb2+ 46. Rd2 Rb1 47. h4 1-0

[Event "Edirne op"]
[Site "Edirne"]
[Date "2010.07.??"]
[Round "9"]
[White "Gurel, Ahmet Unal"]
[Black "Sengul, Cengiz"]
[Result "0-1"]
[WhiteElo "2009"]
[BlackElo "2188"]
[PlyCount "214"]
[EventDate "2010.07.??"]
[EventType "swiss"]
[EventRounds "9"]
[EventCountry "TUR"]
[SourceTitle "EXT 2011"]
[Source "ChessBase"]
[SourceDate "2010.11.26"]
[SourceVersion "1"]
[SourceVersionDate "2010.11.26"]
[SourceQuality "1"]

1. d4 Nf6 2. Nf3 e6 3. Bg5 h6 4. Bh4 c5 5. e3 d6 6. Nbd2 Nbd7 7. c3 Be7 8. Qc2 b6 9. Bd3 Bb7 10. 0-0-0 Qc7 11. Rhe1 0-0-0 12. h3 Kb8 13. Bg3 a6 14. Kb1 Ka7 15. Rc1 Rc8 16. Qa4 Qc6 17. Qxc6 Bxc6 18. e4 cxd4 19. cxd4 d5 20. e5 Nh5 21. Nh2 Bg5 22. Rc2 Ba4 23. b3 Rxc2 24. Kxc2 Rc8+ 25. Kd1 Rc3 26. Bf1 Bb5 27. Bxb5 axb5 28. h4 Be7 29. Nhf3 Nb8 30. Nb1 Rc7 31. Re2 Na6 32. Bh2 g6 33. a3 b4 34. a4 Nb8 35. Rc2 Nc6 36. g4 Ng7 37. Bf4 h5 38. gxh5 Nxh5 39. Bg5 Kb7 40. Bxe7 Rxe7 41. Nbd2 Ng7 42. Nf1 Nf5 43. Rd2 Re8 44. Ne3 Nce7 45. Nc2 Rh8 46. Nxb4 Nxh4 47. Ng5 Rf8 48. Rd3 Nhf5 49. Nc2 Nc6 50. Kd2 Nd8 51. Rh3 Re8 52. Rh7 Re7 53. Kd3 Rc7 54. Ne3 Nxe3 55. fxe3 b5 56. Rh8 Rd7 57. Kc3 Kb6 58. Rh2 Rc7+ 59. Kb2 bxa4 60. bxa4 Ka5 61. Kb3 Rb7+ 62. Ka3 Rc7 63. Rb2 Rc8 64. Rb5+ Ka6 65. Rc5 Rxc5 66. dxc5 Ka5 67. Kb3 Ka6 68. Ka3 Ka5 69. Kb3 Ka6 70. Kc3 Ka5 71. Kb3 Ka6 72. Ka3 Ka5 73. Kb3 Ka6 74. Kc2 Ka5 75. Kb3 Nb7 76. c6 Nc5+ 77. Kc3 Nxa4+ 78. Kd4 Kb6 79. Nxf7 Kxc6 80. Ng5 Nc5 81. Nf7 Ne4 82. Nh6 Kd7 83. Ng4 Ke7 84. Nh6 g5 85. Ng4 Kf7 86. Kd3 Kg6 87. Kd4 Kh5 88. Nh2 g4 89. Kd3 Kg5 90. Ke2 Kf5 91. Kf1 Nd2+ 92. Kf2 Nf3 93. Nf1 Nxe5 94. Kg3 Ke4 95. Kf2 Kf5 96. Ng3+ Kg5 97. Ne2 Nd3+ 98. Kg3 Nc5 99. Nf4 Ne4+ 100. Kg2 Kf5 101. Kf1 g3 102. Kg2 d4 103. Kf1 e5 104. Ng2 d3 105. Ke1 Kg4 106. Kd1 d2 107. Ke2 Kh3 0-1